កូនឆ្មារអនាថា​/ (Record no. 4517)

MARC details
000 -LEADER
fixed length control field 02216nam a22003137a 4500
001 - CONTROL NUMBER
control field 4517
003 - CONTROL NUMBER IDENTIFIER
control field FISKH
005 - DATE AND TIME OF LATEST TRANSACTION
control field 20251023132552.0
008 - FIXED-LENGTH DATA ELEMENTS--GENERAL INFORMATION
fixed length control field 240912b cb ||||| |||| 00| 0 eng d
020 ## - INTERNATIONAL STANDARD BOOK NUMBER
International Standard Book Number 9789996346156
040 ## - CATALOGING SOURCE
Original cataloging agency FISKH
Language of cataloging Khmer
Transcribing agency FISKH
Modifying agency FISKH
050 ## - LIBRARY OF CONGRESS CALL NUMBER
Classification number PZ7
082 ## - DEWEY DECIMAL CLASSIFICATION NUMBER
Classification number 890
100 ## - MAIN ENTRY--PERSONAL NAME
Personal name Dawn, Dim
Relator term author
245 ## - TITLE STATEMENT
Title កូនឆ្មារអនាថា​/
Statement of responsibility, etc. និពន្ធដោយ លោក ឌឹម ដន : ពិនិត្យអក្ខរាវិរុទ្ធដោយ អ្នកស្រី គឺមស៊ុន សុធារី
250 ## - EDITION STATEMENT
Edition statement ចេញផ្សាយខែមិនា ឆ្នាំ២០១៤
260 ## - PUBLICATION, DISTRIBUTION, ETC.
Place of publication, distribution, etc. ភ្នំពេញ :
Name of publisher, distributor, etc. Reading Books ;
Date of publication, distribution, etc. ២០១៤​ .
300 ## - PHYSICAL DESCRIPTION
Extent 20​​ pages :
Other physical details color illustrations ;
Dimensions 25cm .
505 ## - FORMATTED CONTENTS NOTE
Formatted contents note O <br/>
520 ## - SUMMARY, ETC.
Summary, etc. មានក្មេងរពឺសម្នាក់ឈ្មោះ សម្បត្តិ។ ថ្ងៃមួយគេបានលឺសំលេងឆ្មារយំនៅខាងមុខផ្ទះ គេក៏យកឆ្មារមកនៅក្នុងផ្ទះជាមួយ តែឪពុកម្តាយរបស់គេមិនពេញចិត្តឡើយក៏យកឆ្មារទៅបោះចោល ។​តែវាមិនទៅណាឆ្ងាយទេវាត្រលប់មករកសម្បត្តិវិញហើយលោកយាយរបស់សម្បត្តិក៏យកឆ្មារទោងូតទឺកអោយស្អាត ហើយសម្បត្តិក៏បានរស់នៅជាមួយឆ្មារយ៉ាងសប្បាយរីករាយ ។​
520 ## - SUMMARY, ETC.
Summary, etc. There is a young boy named Sambath. One day he heard a cat crying in front of the house, he took the cat home with him, but his parents were not happy, so they threw the cat away. Sambath's grandmother took a bath for the cat and Sambath lived happily with the cat.
521 8# - TARGET AUDIENCE NOTE
Target audience note 600 <br/>
Source Lexile estimate <br/>
521 8# - TARGET AUDIENCE NOTE
Target audience note O <br/>
Source Raz-Plus <br/>
650 ## - SUBJECT ADDED ENTRY--TOPICAL TERM
Topical term or geographic name entry element ឆ្មារ
650 ## - SUBJECT ADDED ENTRY--TOPICAL TERM
Topical term or geographic name entry element cat
700 ## - ADDED ENTRY--PERSONAL NAME
Personal name Sotheary, Kimsun
Relator term illustrator
942 ## - ADDED ENTRY ELEMENTS (KOHA)
Source of classification or shelving scheme Dewey Decimal Classification
Koha item type Books
Suppress in OPAC No
Holdings
Withdrawn status Lost status Source of classification or shelving scheme Damaged status Not for loan Collection Home library Current library Shelving location Date acquired Total Checkouts Full call number Barcode Date last seen Copy number Price effective from Koha item type
    Dewey Decimal Classification     Khmer-English Bilingual / ភាសាខ្មែរ-អង់គ្លេស Footprints International School Library Network Toul Tom Poung Campus Footprints International School Library Network Toul Tom Poung Campus TTP Primary Khmer Bookshelves 09/12/2024   DIM PZ7 890 FIS04453 05/26/2025 1 09/12/2024 Books
    Dewey Decimal Classification     Khmer-English Bilingual / ភាសាខ្មែរ-អង់គ្លេស Footprints International School Library Network Toul Tom Poung Campus Footprints International School Library Network Toul Tom Poung Campus TTP Primary Khmer Bookshelves 10/23/2025   DIM PZ7 890 FISBK03695 10/23/2025 2 10/23/2025 Books